000 01604nam a22002657a 4500
003 OSt
005 20260416144229.0
008 260414t1999 xxu||||| |||| 00| 0 spa d
040 _aUnicoc
_bspa
_c00001
_d00001
082 _a575.82
100 _912933
_aDarwin, Charles
245 _aEl origen de las especies
_b: por medio de la selección natural
_c/ Charles Darwin
250 _a1 Ed.
260 _aEspaña :
_bBiblioteca Virtual Miguel de Cervantes ,
_c1999
300 _a463 páginas
505 _t1. La variación en estado doméstico. --
_t2. La variación en estado natural. --
_t3. La lucha por la existencia. --
_t4. La selección natural, o la supervivencia de los más aptos. --
_t5. Las leyes de la variación. --
_t6. Dificultades de la teoría. --
_t7. El instinto. --
_t8. El cruzamiento o hibridismo. --
_t9. De la imperfección del registro geológico. --
_t10. De la sucesión geológica de los seres orgánicos. --
_t11. De la distribución geográfica. --
_t12. Distribución geográfica (continuación). --
_t13. Afinidades mutuas de los seres orgánicos: morfología, embriología y órganos rudimentarios. --
_t14. Recapitulación y conclusión.
526 _5Unicoc
546 _aEspañol
650 0 _99936
_aEvolución
650 0 _912934
_aOrigen de las especies
650 0 _99937
_aSelección natural
658 0 _910741
_aPrograma de Psicología
856 _yAcceso online exclusivo para comunidad Unicoc.
_uhttps://unicoceduco-my.sharepoint.com/:b:/g/personal/direccionbiblioteca_unicoc_edu_co/IQAz_v7N6NilTZdXjqBmUbccAdjla0woJ-j18QmJwsHCY5k
942 _2ddc
_cEBOOK
999 _c10843
_d10843